African Women's Unique Vulnerabilities to HIV/AIDS (Record no. 37328)

MARC details
000 -LEADER
fixed length control field 00751 2200193 4500
008 - FIXED-LENGTH DATA ELEMENTS--GENERAL INFORMATION
fixed length control field 101021t xxu||||| |||| 00| 0 eng d
020 ## - INTERNATIONAL STANDARD BOOK NUMBER
International Standard Book Number 9781403984050
020 ## - INTERNATIONAL STANDARD BOOK NUMBER
International Standard Book Number 1403984050
050 ## - LIBRARY OF CONGRESS CALL NUMBER
Classification number RA643.86
Item number .A35F85 2008
100 ## - MAIN ENTRY--PERSONAL NAME
Personal name Fuller, Linder K.
245 ## - TITLE STATEMENT
Title African Women's Unique Vulnerabilities to HIV/AIDS
260 ## - PUBLICATION, DISTRIBUTION, ETC. (IMPRINT)
Name of publisher, distributor, etc Palgrave Macmillan
Date of publication, distribution, etc 2008
300 ## - PHYSICAL DESCRIPTION
Extent XVii,309p.;
Dimensions 24cm
500 ## - GENERAL NOTE
General note Includes bibliographical references and index
650 ## - SUBJECT ADDED ENTRY--TOPICAL TERM
Topical term following geographic name as entry element Aids (disease)-Africa
650 ## - SUBJECT ADDED ENTRY--TOPICAL TERM
Topical term following geographic name as entry element Women
General subdivision Social conditions
Geographic subdivision Africa
942 ## - ADDED ENTRY ELEMENTS (KOHA)
Item type Book
Source of classification or shelving scheme Library of Congress Classification
Holdings
Withdrawn status Lost status Source of classification or shelving scheme Damaged status Not for loan Collection code Home library Current library Shelving location Date acquired Source of acquisition Total Checkouts Total Renewals Full call number Barcode Date last borrowed Copy number Price effective from Koha item type
    Library of Congress Classification     Non-fiction Bishop Okullu Memorial Library (Limuru Campus) Bishop Okullu Memorial Library (Limuru Campus) General Circulation 21/10/2010 purchase 11 1 RA643.86 .A35F85 2008 022792 09/03/2017 1 21/10/2010 Book